| 000 | 00441nam a2200145Ia 4500 | ||
|---|---|---|---|
| 008 | 211109s9999||||xx |||||||||||||| ||und|| | ||
| 082 |
_a894.8123 _bBHA-A |
||
| 100 | _aBhavathratan Namboothiripad, Moothiringote | ||
| 245 | 0 | _aAphante Makal | |
| 260 |
_bKerala Sahitya Akademi _aTrichur _c1989 |
||
| 300 | _a92 | ||
| 630 | _xGENERAL STACK | ||
| 650 |
_aMalayalam literature _vMalayalam fiction _xLiterature & rhetoricMalayalam |
||
| 942 | _cBOOK | ||
| 999 |
_c45501 _d45501 |
||